| Tag |
First Indicator |
Second Indicator |
Subfields |
| LEADER |
00000pam a2200000 a 4500 |
| 001 |
in00000081988 |
| 005 |
20151008055443.0 |
| 008 |
800625s1981 nyua 00010aengm |
| 010 |
|
|
|a 80018956
|
| 020 |
|
|
|a 0030568110
|
| 035 |
|
|
|a (OCoLC)06532796
|
| 035 |
|
|
|9 AAJ3507AM
|
| 040 |
|
|
|a DLC
|c DLC
|d m.c.
|d TXA
|d UtOrBLW
|
| 043 |
|
|
|a n-cn-on
|
| 049 |
|
|
|a TXAM
|c [1502283]
|
| 050 |
0 |
0 |
|a QL83.2
|b .L38
|
| 082 |
0 |
|
|a 639.9/092/4
|2 19
|
| 100 |
1 |
|
|a Lawrence, R. D.,
|d 1921-2003.
|
| 245 |
1 |
4 |
|a The zoo that never was /
|c R.D. Lawrence.
|
| 250 |
|
|
|a 1st ed.
|
| 264 |
|
1 |
|a New York :
|b Holt, Rinehart and Winston,
|c [1981]
|
| 264 |
|
4 |
|c ©1981
|
| 300 |
|
|
|a 308 pages :
|b illustrations ;
|c 22 cm.
|
| 336 |
|
|
|a text
|b txt
|2 rdacontent
|
| 337 |
|
|
|a unmediated
|b n
|2 rdamedia
|
| 338 |
|
|
|a volume
|b nc
|2 rdacarrier
|
| 600 |
1 |
0 |
|a Lawrence, R. D.,
|d 1921-2003.
|
| 650 |
|
0 |
|a Wildlife rescue
|z Ontario.
|
| 650 |
|
0 |
|a Zoologists
|z Ontario
|x Biography.
|
| 999 |
|
|
|a MARS
|
| 999 |
f |
f |
|s 589fe4d6-3d32-3695-975f-d08f41b6011e
|i 29474263-8481-3bda-8c1f-d6a6529de451
|t 0
|
| 952 |
f |
f |
|p ric
|a Texas A&M University
|b Rellis Campus
|c Joint Library Facility
|d Remote Storage
|t 0
|e QL83.2 .L38
|h Library of Congress classification
|i unmediated -- volume
|m A14806219971
|
| 998 |
f |
f |
|a QL83.2 .L38
|t 0
|l Remote Storage
|